American foundations for social welfare / (Record no. 977970)

MARC details
000 -LEADER
fixed length control field 00920nam a2200301 a 4500
001 - CONTROL NUMBER
control field vtls001528671
003 - CONTROL NUMBER IDENTIFIER
control field NLI
005 - DATE AND TIME OF LATEST TRANSACTION
control field 20210627144831.0
008 - FIXED-LENGTH DATA ELEMENTS--GENERAL INFORMATION
fixed length control field 121212s1946 nyu 001 0 eng
039 #9 - LEVEL OF BIBLIOGRAPHIC CONTROL AND CODING DETAIL [OBSOLETE]
-- 201212121618
-- VLOAD
040 0# - CATALOGING SOURCE
Original cataloging agency NLI
Language of cataloging eng
Transcribing agency XData_1
Description conventions AACR2
041 0# - LANGUAGE CODE
Language code of text/sound track or separate title eng
044 ## - COUNTRY OF PUBLISHING/PRODUCING ENTITY CODE
MARC country code nyu
082 ## - DEWEY DECIMAL CLASSIFICATION NUMBER
Classification number 149115
100 1# - MAIN ENTRY--PERSONAL NAME
Personal name Harrison, Shelby M.
9 (RLIN) 758977
245 10 - TITLE STATEMENT
Title American foundations for social welfare /
Statement of responsibility, etc. by Shelby M. Harrison [and] F. Emerson Andrews
260 ## - PUBLICATION, DISTRIBUTION, ETC.
Place of publication, distribution, etc. New York :
Name of publisher, distributor, etc. Rusell Sage Foundation,
Date of publication, distribution, etc. 1946
300 ## - PHYSICAL DESCRIPTION
Extent 249 p. ;
Dimensions 23 cm.
500 ## - GENERAL NOTE
General note Includes index
650 #0 - SUBJECT ADDED ENTRY--TOPICAL TERM
Topical term or geographic name entry element Charities
9 (RLIN) 757296
650 #0 - SUBJECT ADDED ENTRY--TOPICAL TERM
Topical term or geographic name entry element Charitable uses, trusts, and foundations
9 (RLIN) 757297
700 1# - ADDED ENTRY--PERSONAL NAME
Personal name Andrews, F. Emerson,
Relationship jt. aut
9 (RLIN) 758978
887 ## - NON-MARC INFORMATION FIELD
Content of non-MARC field
901 ## - LOCAL DATA ELEMENT A, LDA (RLIN)
a IMP299293
b 21.05.1954
902 ## - LOCAL DATA ELEMENT B, LDB (RLIN)
a 149 C 115
949 ## - LOCAL PROCESSING INFORMATION (OCLC)
-- VIRTUAITEM
-- 10000
-- 100
6 IMP000299293ENG
942 ## - ADDED ENTRY ELEMENTS (KOHA)
Source of classification or shelving scheme Dewey Decimal Classification
Koha item type Books
Holdings
Withdrawn status Lost status Damaged status Not for loan Home library Current library Date acquired Total Checkouts Full call number Barcode Date last seen Price effective from Koha item type
        National Library of India National Library of India     149 C 115 IMP000299293ENG 27/06/2021 27/06/2021 Books
                                                                           
web counter

Copyright ©2020 The National Library of India, Govt. of India ↔ Hosted by NVLI, MOC ↔ Technology and Design by National Library of India, Ministry of Culture, Govt. of India